|
|
|
|
| LEADER |
00972nam a22002297a 4500 |
| 001 |
BD-DhAAL |
| 003 |
BD-DhAAL |
| 005 |
20160510115222.0 |
| 008 |
160510s 1994bg ||||| |||| 00| 0 ben d |
| 020 |
|
|
|a 9840731335
|
| 040 |
|
|
|a BD-DhAAL
|c BD-DhAAL
|
| 082 |
|
|
|a 658.4/5
|
| 100 |
|
|
|a খান, মিসবাহউদ্দিন
|9 19520
|
| 245 |
|
|
|a ব্যবস্থাপনায় পত্রালাপ ও ডাকচালনা /
|c মিসবাহউদ্দিন খান
|
| 260 |
|
|
|a ঢাকা :
|b বাংলা একাডেমী,
|c ১৯৯৪
|
| 300 |
|
|
|a ১৮৪ পৃ. ;
|c ২২ সে.মি.
|
| 541 |
|
|
|e 1807
|
| 650 |
|
|
|a Commercial correspondence.
|x Management.
|9 19521
|
| 852 |
|
|
|a Savar Campus Library
|c General Shelf
|
| 942 |
|
|
|2 ddc
|c BK
|
| 999 |
|
|
|c 37552
|d 37552
|
| 952 |
|
|
|0 0
|1 0
|2 ddc
|4 0
|6 658_400000000000000_5_KHA
|7 0
|9 58967
|a SCL
|b SCL
|c GEN
|d 2016-05-10
|g 80.00
|l 1
|o 658.45 KHA
|p 3020001807
|r 2021-10-24
|s 2021-10-05
|t 1
|w 2016-05-10
|y BK
|